000 00698nam a2200229 a 4500
001 BRCA_2940
005 20190320204033.0
008 161208s1867----au-#---###---#000-0#ger-u
050 4 _aF1211.K6
_b.K65 1867
100 1 _aKollonitz, Gräfin Paula
_98180
245 1 0 _aEine Reise nach México im Jahre 1864
_cvon Gräfin Paula Kollonitz.
250 _a2
260 _aWien
_bC. Gerold´s sohn
_c1867
300 _a247 p.
_c22 cm.
500 _aB64
600 1 4 _aMaximiliano
_cEmperador de México
_d1832-1867
_94582
650 1 4 _aviajeros austriacos
_98181
651 4 _aMéxico
_xDescripción y viajes
_9103
651 4 _aMéxico
_xVida social y costumbres
_9769
902 _aGFM
942 _2lcc
_cB
999 _c2679
_d2679